[Event "13th World Teams Pool B"]
[Site "Jerusalem ISR"]
[Date "2022.11.20"]
[Round "1.3"]
[Board "3"]
[White "Mamedov, Rauf"]
[Black "Vokhidov, Shamsiddin"]
[Result "1-0"]
[WhiteTitle "GM"]
[BlackTitle "GM"]
[WhiteElo "2646"]
[BlackElo "2568"]
[WhiteTeam "Azerbaijan"]
[BlackTeam "Uzbekistan"]
[WhiteFideId "13401653"]
[BlackFideId "14204223"]
[EventDate "2022.11.20"]

1. e4 c5 2. Nf3 d6 3. Bb5+ Nd7 4. c3 Nf6 5. Qe2 a6 6. Ba4 b5 7. Bc2 Bb7 8. d4 e6
9. a4 Be7 10. e5 dxe5 11. dxe5 Nd5 12. O-O Qb6 13. Nbd2 Nf4 14. Qe3 Nd5 15. Qe1
Qc7 16. axb5 axb5 17. Rxa8+ Bxa8 18. c4 bxc4 19. Nxc4 N5b6 20. Nxb6 Nxb6 21. Qe2
O-O 22. Ng5 g6 23. h4 Bd5 24. Re1 Ra8 25. h5 Bf8 26. Qg4 Ra1 27. Bd2 Rxe1+ 28.
Bxe1 Nc4 29. Bc3 Nxe5 30. hxg6 fxg6 31. Qh3 h5 32. Bxg6 Qg7 33. Bh7+ 1-0

[Event "13th World Teams Pool B"]
[Site "Jerusalem ISR"]
[Date "2022.11.20"]
[Round "2.1"]
[Board "4"]
[White "Vakhidov, Jakhongir"]
[Black "Postny, Evgeny"]
[Result "1/2-1/2"]
[WhiteTitle "GM"]
[BlackTitle "GM"]
[WhiteElo "2607"]
[BlackElo "2588"]
[WhiteTeam "Uzbekistan"]
[BlackTeam "Israel"]
[WhiteFideId "14201801"]
[BlackFideId "2804344"]
[EventDate "2022.11.20"]

1. c4 c6 2. Nc3 d5 3. d4 Nf6 4. cxd5 cxd5 5. Bf4 Nc6 6. e3 Bg4 7. f3 Bd7 8. g4
e6 9. Bd3 Bb4 10. Ne2 Qe7 11. a3 Bd6 12. Bxd6 Qxd6 13. Qc2 Rc8 14. Rd1 g6 15. h3
e5 16. dxe5 Qxe5 17. Kf2 O-O 18. f4 Qd6 19. g5 Nh5 20. Be4 Ne7 21. Qb3 Be6 22.
Nxd5 Qc5 23. Nxe7+ Qxe7 24. Qxb7 Qxb7 25. Bxb7 Rb8 26. Bf3 Rxb2 27. Bxh5 gxh5
28. Kf3 Rb3 29. Ng3 h4 30. Nh5 Rxa3 31. Ra1 Rxa1 32. Rxa1 Ra8 33. Ra5 Bxh3 34.
f5 Bf1 35. e4 h3 36. Kg3 h6 37. gxh6 Kh7 38. Ra1 Kxh6 39. Nf6 Bg2 40. Ng4+ Kg5
41. Nf2 a5 42. Ra4 Kf6 43. Nxh3 Rg8+ 44. Kh2 Bf1 45. e5+ Kxe5 46. Rxa5+ Kf6 47.
Nf4 Rg4 48. Nh5+ Kg5 49. Ng3 Bd3 50. Rd5 Be4 51. Nxe4+ Rxe4 52. Kg3 f6 53. Ra5
Rg4+ 54. Kf3 Rf4+ 55. Kg3 Rxf5 56. Rxf5+ Kxf5 57. Kf3 1/2-1/2

[Event "13th World Teams Pool B"]
[Site "Jerusalem ISR"]
[Date "2022.11.21"]
[Round "3.3"]
[Board "3"]
[White "Vokhidov, Shamsiddin"]
[Black "Akobian, Varuzhan"]
[Result "1/2-1/2"]
[WhiteTitle "GM"]
[BlackTitle "GM"]
[WhiteElo "2568"]
[BlackElo "2591"]
[WhiteTeam "Uzbekistan"]
[BlackTeam "United States"]
[WhiteFideId "14204223"]
[BlackFideId "13300580"]
[EventDate "2022.11.20"]

1. e4 e6 2. d4 d5 3. Nc3 Bb4 4. exd5 exd5 5. Bd3 Nc6 6. a3 Ba5 7. Ne2 Nge7 8.
O-O O-O 9. Na4 Bf5 10. Bf4 Re8 11. c3 Bxd3 12. Qxd3 Ng6 13. Bg3 Nce7 14. Rae1 c6
15. f4 f5 16. Nc5 Qc8 17. Qc2 Bc7 18. Nc1 Nf8 19. Re3 b6 20. N5d3 Qd7 21. Ne5
Bxe5 22. fxe5 Ne6 23. Ne2 g5 24. Be1 Rf8 25. Rh3 Rf7 26. Ng3 Raf8 27. Bd2 f4 28.
Nh5 Ng6 29. Nf6+ Rxf6 30. exf6 Rxf6 31. Rh5 Kg7 32. Qd1 h6 33. Qg4 Nc5 34. Qxd7+
Nxd7 35. g3 fxg3 36. hxg3 Rxf1+ 37. Kxf1 Nf6 38. Rh2 Ne4 39. Be1 Ne7 40. Re2 Nf5
41. Kg2 h5 42. a4 a6 43. Bf2 Kf6 44. Re1 g4 45. b3 Ke6 46. Rh1 Nf6 47. c4 Nd6
48. c5 bxc5 49. dxc5 Nf5 50. b4 d4 51. b5 cxb5 52. axb5 axb5 53. Rb1 Ne4 54. c6
Nc3 55. Re1+ Kd6 56. c7 Kxc7 57. Re5 Nd6 58. Bxd4 b4 59. Rc5+ Kd7 60. Rxh5 Nce4
61. Rh4 Kc6 62. Rxg4 Kd5 63. Bh8 Nf5 64. Rg8 Nexg3 65. Rd8+ Kc4 66. Rf8 Kd3 67.
Kf3 b3 68. Rb8 Kc2 69. Kf4 Nd6 70. Kxg3 Nc4 71. Rc8 Kd3 72. Rd8+ Kc2 73. Rd4 b2
74. Rxc4+ Kb3 75. Rc3+ Ka4 76. Rc4+ Kb3 77. Bxb2 Kxc4 1/2-1/2